An introduction to error analysis : (Record no. 143159)

MARC details
000 -LEADER
fixed length control field 00865nam a2200265 a 4500
008 - FIXED-LENGTH DATA ELEMENTS--GENERAL INFORMATION
fixed length control field
020 ## - INTERNATIONAL STANDARD BOOK NUMBER
International Standard Book Number 0935702105 (pbk.)
049 ## - LOCAL HOLDINGS (OCLC)
Holding library MAIN
090 ## - LOCALLY ASSIGNED LC-TYPE CALL NUMBER (OCLC); LOCAL CALL NUMBER (RLIN)
Classification number (OCLC) (R) ; Classification number, CALL (RLIN) (NR) QA275
Local cutter number (OCLC) ; Book number/undivided call number, CALL (RLIN) TAY
003 - CONTROL NUMBER IDENTIFIER
control field
005 - DATE AND TIME OF LATEST TRANSACTION
control field 20230123133126.0
040 ## - CATALOGING SOURCE
Transcribing agency NUST
100 1# - MAIN ENTRY--PERSONAL NAME
Personal name Taylor, John R.
245 13 - TITLE STATEMENT
Title An introduction to error analysis :
Remainder of title the study of uncertainties in physical measurements /
Statement of responsibility, etc. John R. Taylor.
260 ## - PUBLICATION, DISTRIBUTION, ETC.
Place of publication, distribution, etc. Mill Valley, Calif. :
Name of publisher, distributor, etc. University Science Books,
Date of publication, distribution, etc. c1982.
300 ## - PHYSICAL DESCRIPTION
Extent x, 270 p. :
Other physical details ill. ;
Dimensions 24 cm.
440 #2 - SERIES STATEMENT/ADDED ENTRY--TITLE
Title A series of books in physics.
504 ## - BIBLIOGRAPHY, ETC. NOTE
Bibliography, etc. note Includes bibliographical references.
500 ## - GENERAL NOTE
General note Includes index.
650 #0 - SUBJECT ADDED ENTRY--TOPICAL TERM
Topical term or geographic name entry element Physical measurements.
650 #0 - SUBJECT ADDED ENTRY--TOPICAL TERM
Topical term or geographic name entry element Error analysis (Mathematics)
650 #0 - SUBJECT ADDED ENTRY--TOPICAL TERM
Topical term or geographic name entry element Mathematical physics.
907 ## - LOCAL DATA ELEMENT G, LDG (RLIN)
a .b10012023
b 20-03-12
c 17-04-03
942 ## - ADDED ENTRY ELEMENTS (KOHA)
Koha item type Ordinary Loan Books
Call number prefix QA275
Call number suffix TAY
Holdings
Date last seen Total Checkouts Full call number Barcode Cost, replacement price Price effective from Koha item type Lost status Source of classification or shelving scheme Damaged status Not for loan Collection Withdrawn status Home library Current library Shelving location Date acquired Cost, normal purchase price
01/23/2023 8 QA275 TAY 92003013750 80.00 01/23/2023 BOOKS   LCC     NFIC   MAIN MAIN GEN 01/23/2023 80.00